Reminiscences: Discreet and indiscreet (Record no. 38379)

MARC details
000 -LEADER
fixed length control field 00274nam a2200109Ia 4500
082 ## - DEWEY DECIMAL CLASSIFICATION NUMBER
Classification number 954
Item number KAU
100 ## - MAIN ENTRY--AUTHOR NAME
Personal name Kaul, T N
245 #0 - TITLE STATEMENT
Title Reminiscences: Discreet and indiscreet
260 ## - PUBLICATION, DISTRIBUTION, ETC. (IMPRINT)
Place of publication New Delhi
Name of publisher Lancers
Year of publication 1982
942 ## - ADDED ENTRY ELEMENTS (KOHA)
Koha item type Books
Holdings
Withdrawn status Lost status Damaged status Not for loan Home library Current library Date acquired Cost, normal purchase price Full call number Accession Number Koha item type
        RRII Library RRII Library 16/12/2021 115.50 954 KAU 18739 Books